000 00595nam a2200193Ia 4500
003 GCL
008 140319s9999 xx 000 0 ara d
040 _aGCL /
_cGCL
082 0 4 _a823.5
_bب م
100 1 _aثروت عكاشة
245 1 0 _aمولع بعشانجر /
_cثروت عكاشة
700 1 _aبرنارد شو
260 _a[S.N] :
_bالهيئة المصرية العامة للكتاب ،
_c1992
300 _a220 ص
490 _a
650 0 4 _aالقصص الانجليزية المترجمة
650 0 4 _aالادب الانجليزى المترجم
942 _2ddc
_cBK
999 _c27497
_d27497